[Event "World Rapid Team 2023"]
[Site "Dusseldorf GER"]
[Date "2023.08.26"]
[Round "1.16"]
[Board "6"]
[White "Hollstein, Jonas"]
[Black "Breest, Axel"]
[Result "1/2-1/2"]
[WhiteElo "1495"]
[BlackElo "1979"]
[WhiteTeam "Unischach Bayreuth"]
[BlackTeam "Ukrainian Amators"]
[WhiteFideId "16266870"]
[BlackFideId "24682349"]
[EventDate "2023.08.26"]

1. e4 d5 2. exd5 c6 3. dxc6 Nxc6 4. Nf3 e5 5. Nc3 Nf6 6. Be2 Bd6 7. d3 h6 8. h3
O-O 9. O-O Re8 10. Be3 Bb8 11. a3 Nd4 12. Ne4 Bf5 13. Nxf6+ Qxf6 14. Nd2 Nxe2+
15. Qxe2 Qg6 16. Kh1 a6 17. Rae1 b5 18. g4 Bd7 19. f3 h5 20. Qg2 hxg4 21. hxg4
Bc6 22. Bf2 Qh6+ 23. Qh2 Qxd2 24. Kg2 Re6 25. Rh1 Rh6 26. Qg3 e4 27. f4 Bxf4 1/2-1/2

[Event "World Rapid Team 2023"]
[Site "Dusseldorf GER"]
[Date "2023.08.26"]
[Round "1.17"]
[Board "1"]
[White "Dyachuk, Artem"]
[Black "Adly, Ahmed"]
[Result "0-1"]
[WhiteTitle "FM"]
[BlackTitle "GM"]
[WhiteElo "2242"]
[BlackElo "2596"]
[WhiteTeam "Chess Wizzards"]
[BlackTeam "Africa"]
[WhiteFideId "34107924"]
[BlackFideId "10601619"]
[EventDate "2023.08.26"]

1. e4 c5 2. Nf3 Nf6 3. e5 Nd5 4. Nc3 Nxc3 5. dxc3 Nc6 6. Bf4 Qc7 7. Bc4 e6 8.
Qe2 h6 9. O-O-O Rb8 10. Bd3 b5 11. Be4 Na5 12. Nd2 c4 13. a3 Nb7 14. Bxb7 Bxb7
15. Ne4 Qc6 16. Rd4 a5 17. Rhd1 b4 18. axb4 axb4 19. Qxc4 Qxc4 20. Rxc4 bxc3 21.
Nxc3 Bxg2 22. Be3 Bc6 23. Bc5 Bxc5 24. Rxc5 Rb4 25. Ne2 Ke7 26. Nd4 Ra8 27.
Nxc6+ dxc6 28. Rd6 Ra1+ 29. Kd2 Rxb2 30. Rdxc6 g5 31. Rc7+ Kf8 32. Rd7 Rb4 33.
Rd3 Rf4 34. Ke2 Rh1 35. Rh3 Kg7 36. Rcc3 g4 37. Rhg3 Rxh2 38. Rcf3 Ra4 39. Rf6
Re4+ 40. Re3 Rxe5 41. Rxf7+ Kxf7 42. Rxe5 g3 43. Kf3 g2 0-1

[Event "World Rapid Team 2023"]
[Site "Dusseldorf GER"]
[Date "2023.08.26"]
[Round "1.17"]
[Board "2"]
[White "Bellahcene, Bilel"]
[Black "Nechitaylo, Nikita"]
[Result "1-0"]
[WhiteTitle "GM"]
[WhiteElo "2515"]
[BlackElo "2116"]
[WhiteTeam "Africa"]
[BlackTeam "Chess Wizzards"]
[WhiteFideId "696358"]
[BlackFideId "34138161"]
[EventDate "2023.08.26"]

1. e4 c5 2. Nf3 Nc6 3. b4 cxb4 4. d4 d5 5. exd5 Qxd5 6. c4 bxc3 7. Nxc3 Qa5 8.
d5 Bg4 9. Bd2 Ne5 10. Nxe5 Bxd1 11. Bb5+ Kd8 12. Nxf7+ Kc8 13. Rc1 Bh5 14. Ne4+
Qc7 15. Rxc7+ Kxc7 16. Nxh8 a6 17. Be2 Be8 18. O-O Nf6 19. Rc1+ Kd7 20. Nc5+ Kd6
21. Bf4+ Kxd5 22. Bf3+ Kd4 23. Ne6+ Kd3 24. Bxb7 Ra7 25. Be3 Rxb7 26. Nc5+ Ke2
27. Nxb7 g6 28. Nd8 Ng4 29. Ne6 Bh6 30. Bxh6 Nxh6 31. Rc7 Nf7 32. Nxf7 Bxf7 33.
Rxe7 1-0

[Event "World Rapid Team 2023"]
[Site "Dusseldorf GER"]
[Date "2023.08.26"]
[Round "1.17"]
[Board "3"]
[White "Korchynskyi, Mykola"]
[Black "Solomon, Kenny"]
[Result "1-0"]
[BlackTitle "GM"]
[WhiteElo "2016"]
[BlackElo "2324"]
[WhiteTeam "Chess Wizzards"]
[BlackTeam "Africa"]
[WhiteFideId "34138005"]
[BlackFideId "14300192"]
[EventDate "2023.08.26"]

1. d4 Nf6 2. c4 e6 3. Nc3 Bb4 4. Qc2 O-O 5. Bg5 h6 6. Bh4 c5 7. e3 d5 8. dxc5 g5
9. Bg3 Ne4 10. Bd3 Qf6 11. Bxe4 dxe4 12. Ne2 Bxc5 13. O-O Qg6 14. Nxe4 Be7 15.
f3 Bd7 16. Qc3 f5 17. Bd6 Qf7 18. Bxe7 Qxe7 19. N4g3 Nc6 20. f4 Rad8 21. Rad1 e5
22. fxe5 Nxe5 23. Rd5 Ng4 24. Rf3 Rde8 25. Nxf5 Bxf5 26. Rdxf5 Rxf5 27. Rxf5
Qxe3+ 28. Qxe3 Nxe3 29. Rb5 Nxc4 30. Ng3 Nd6 31. Rd5 Re6 32. Kf2 Kf7 33. Kf3 Kg6
34. h3 h5 35. h4 Nf7 36. hxg5 Nxg5+ 37. Kf4 Rf6+ 38. Ke3 h4 39. Rxg5+ Kxg5 40.
Ne4+ Kg4 41. Nxf6+ Kg3 42. Ne4+ Kxg2 43. Ng5 Kg3 44. b4 Kg4 45. Ne4 b6 46. a4 a6
47. a5 bxa5 48. bxa5 h3 49. Kf2 Kf4 50. Nc5 Ke5 51. Nxa6 Kd6 52. Nb4 Kc5 53. a6
Kb6 54. Kg3 1-0

[Event "World Rapid Team 2023"]
[Site "Dusseldorf GER"]
[Date "2023.08.26"]
[Round "1.17"]
[Board "4"]
[White "Zouaoui, Mohamed"]
[Black "Tarasenko, Nazar"]
[Result "1/2-1/2"]
[WhiteElo "2168"]
[BlackElo "1888"]
[WhiteTeam "Africa"]
[BlackTeam "Chess Wizzards"]
[WhiteFideId "5507588"]
[BlackFideId "34161430"]
[EventDate "2023.08.26"]

1. b3 Nf6 2. Bb2 d5 3. Nf3 c5 4. g3 Nc6 5. Bg2 e6 6. O-O Be7 7. d3 O-O 8. Nbd2
b6 9. e4 d4 10. Qe2 e5 11. Nc4 Qc7 12. Nh4 b5 13. Nd2 g6 14. a4 b4 15. Rae1 Ne8
16. Ndf3 Nd6 17. Bc1 f6 18. Nd2 Bd7 19. f4 Rf7 20. Ndf3 Raf8 21. fxe5 Nxe5 22.
Bh6 Re8 23. Nxe5 fxe5 24. Nf3 Bf6 25. Ng5 Bxg5 26. Bxg5 Ref8 27. Bh6 Rxf1+ 28.
Rxf1 Rxf1+ 29. Qxf1 Qd8 30. Bh3 Nf7 31. Bd2 Kg7 32. Bxd7 Qxd7 33. Qf3 Qh3 34.
Qf1 Qg4 35. Kg2 h5 36. h3 Qe6 37. Qf3 Qf6 38. h4 Qxf3+ 39. Kxf3 Kf6 40. Bc1 g5
41. g4 Kg6 42. gxh5+ Kxh5 43. hxg5 Nxg5+ 44. Kg3 Ne6 1/2-1/2

[Event "World Rapid Team 2023"]
[Site "Dusseldorf GER"]
[Date "2023.08.26"]
[Round "1.17"]
[Board "5"]
[White "Nechitaylo, Lev"]
[Black "February, Jesse Nikki"]
[Result "1-0"]
[BlackTitle "WIM"]
[WhiteElo "1462"]
[BlackElo "1849"]
[WhiteTeam "Chess Wizzards"]
[BlackTeam "Africa"]
[WhiteFideId "34141383"]
[BlackFideId "14312336"]
[EventDate "2023.08.26"]

1. e4 e6 2. Nf3 d5 3. exd5 exd5 4. d4 Bd6 5. Nc3 Ne7 6. Be2 Bg4 7. Be3 Nbc6 8.
Qd2 Qd7 9. h3 Bh5 10. Bf4 Bxf4 11. Qxf4 Nb4 12. Qd2 Bg6 13. Ne5 Nxc2+ 14. Kf1
Qe6 15. Nxg6 fxg6 16. Qxc2 O-O 17. Bf3 c6 18. Re1 Qf6 19. Qe2 Nf5 20. Qe6+ Qxe6
21. Rxe6 Nxd4 22. Re3 Nf5 23. Re2 d4 24. Nb1 Nh4 25. Be4 Rad8 26. Bd3 Rd7 27.
Na3 c5 28. b3 a6 29. Nc4 b5 30. Nd2 h5 31. g3 Nf5 32. Bxf5 Rxf5 33. g4 Rf4 34.
gxh5 gxh5 35. Re4 Rxe4 36. Nxe4 c4 37. Ke2 Re7 38. Kf3 d3 39. Rd1 Kf7 40. Nc3
Rd7 41. Ke3 Ke6 42. f4 b4 43. Na4 Kf5 44. bxc4 Re7+ 45. Kxd3 Kxf4 46. Rg1 Re3+
47. Kd4 Re4+ 48. Kd5 Re5+ 49. Kd6 Ra5 50. Nb6 g5 51. c5 Rxa2 52. c6 Rd2+ 53. Ke7
Re2+ 54. Kd7 Rd2+ 55. Ke7 Re2+ 56. Kd6 Rd2+ 57. Nd5+ Ke4 58. Re1+ Kd4 59. c7 Rc2
60. Rd1+ Ke4 61. Kd7 b3 62. c8=Q Rxc8 63. Kxc8 g4 64. hxg4 hxg4 65. Nf6+ Kf5 66.
Nh5 a5 67. Ra1 g3 68. Nxg3+ Kf4 69. Ne2+ Ke3 70. Rxa5 Kxe2 71. Rb5 Kd2 72. Rxb3
Kc2 73. Rh3 Kd2 1-0

[Event "World Rapid Team 2023"]
[Site "Dusseldorf GER"]
[Date "2023.08.26"]
[Round "1.17"]
[Board "6"]
[White "Odiah, Isaac Babu"]
[Black "Shynkar, Daria"]
[Result "0-1"]
[WhiteElo "1893"]
[BlackElo "1318"]
[WhiteTeam "Africa"]
[BlackTeam "Chess Wizzards"]
[WhiteFideId "10800549"]
[BlackFideId "34163212"]
[EventDate "2023.08.26"]

1. d4 Nf6 2. c4 e6 3. a3 d5 4. Nc3 Be7 5. cxd5 Nxd5 6. e4 Nxc3 7. bxc3 O-O 8.
Nf3 c5 9. Be2 b6 10. O-O Bb7 11. Bd3 Nc6 12. Bc2 Rc8 13. Qd3 f5 14. d5 c4 15.
Qd2 exd5 16. exf5 Bf6 17. Ng5 Bxg5 18. Qxg5 Qxg5 19. Bxg5 h6 20. Bh4 d4 21. cxd4
Nxd4 22. Rac1 Ne2+ 23. Kh1 Nxc1 24. Rxc1 Rfe8 25. f6 g5 26. Bg3 Kf7 27. Bf5 Rc5
28. Bd7 Rd8 29. Ba4 b5 30. Bc2 Kxf6 31. Re1 Rcd5 32. h4 Rd2 33. hxg5+ hxg5 34.
Bb1 Rd1 35. Be5+ Kf7 36. Bc3 Rxe1+ 0-1

[Event "World Rapid Team 2023"]
[Site "Dusseldorf GER"]
[Date "2023.08.26"]
[Round "1.18"]
[Board "1"]
[White "Krastev, Alexander"]
[Black "Li, Yunqi"]
[Result "1-0"]
[WhiteTitle "IM"]
[WhiteElo "2411"]
[BlackElo "1659"]
[WhiteTeam "Schachverein Hemer"]
[BlackTeam "Deutsche Schachjugend 2"]
[WhiteFideId "12989983"]
[BlackFideId "34610618"]
[EventDate "2023.08.26"]

1. e4 e6 2. Nf3 d5 3. Nc3 Nf6 4. e5 Nfd7 5. d4 c5 6. dxc5 Bxc5 7. Bd3 Nc6 8. Bf4
a6 9. O-O Qc7 10. Bg3 Nf8 11. Re1 Bd7 12. Nxd5 exd5 13. e6 Bd6 14. exd7+ Kxd7
15. Bf5+ Ne6 16. Qxd5 Rhe8 17. Rad1 Nb4 18. Qxd6+ Qxd6 19. Rxd6+ Kc8 20. Ng5 Re7
21. Nxf7 1-0

[Event "World Rapid Team 2023"]
[Site "Dusseldorf GER"]
[Date "2023.08.26"]
[Round "1.18"]
[Board "2"]
[White "Lorenz, Veronika"]
[Black "Voicu-Jagodzinsky, Carmen"]
[Result "0-1"]
[BlackTitle "WGM"]
[WhiteElo "1668"]
[BlackElo "2264"]
[WhiteTeam "Deutsche Schachjugend 2"]
[BlackTeam "Schachverein Hemer"]
[WhiteFideId "16277406"]
[BlackFideId "1206729"]
[EventDate "2023.08.26"]

1. e4 c5 2. Nf3 Nc6 3. d4 cxd4 4. Nxd4 e5 5. Nf3 Nf6 6. Bd3 Bc5 7. O-O h6 8. Nc3
O-O 9. Qe2 d6 10. Be3 Bg4 11. h3 Be6 12. Rad1 Qe7 13. Bxc5 dxc5 14. Bb5 Nd4 15.
Nxd4 cxd4 16. Nb1 Rac8 17. c3 a6 18. Bd3 Bxa2 19. cxd4 exd4 20. e5 Rfe8 21. Rfe1
Bb3 22. Rd2 Qc5 23. Bf5 Be6 24. exf6 Qxf5 25. fxg7 Ba2 26. Qf1 Rxe1 27. Qxe1
Qxb1 28. Rd1 Qxb2 29. Qe4 Qc2 30. Qxd4 Be6 31. Re1 Qc5 32. Qf4 Qg5 33. Qf3 b5
34. Rd1 Rc1 35. Qa8+ Kxg7 36. Rxc1 Qxc1+ 37. Kh2 Qc7+ 38. Kg1 Qd6 39. Qe4 b4 40.
Qe2 a5 41. Qb2+ f6 42. Qa1 Qc5 43. Qe1 Qd5 44. Qc1 b3 45. Qc7+ Bf7 0-1

[Event "World Rapid Team 2023"]
[Site "Dusseldorf GER"]
[Date "2023.08.26"]
[Round "1.18"]
[Board "3"]
[White "Runte, Moritz"]
[Black "Mueller, Konstantin"]
[Result "1-0"]
[WhiteElo "2185"]
[BlackElo "1696"]
[WhiteTeam "Schachverein Hemer"]
[BlackTeam "Deutsche Schachjugend 2"]
[WhiteFideId "12991449"]
[BlackFideId "34661778"]
[EventDate "2023.08.26"]

1. e4 c5 2. Nf3 e6 3. d4 cxd4 4. Nxd4 Nf6 5. Nc3 Nc6 6. Ndb5 d6 7. Bf4 e5 8. Bg5
a6 9. Na3 b5 10. Nd5 Be7 11. Bxf6 gxf6 12. c3 f5 13. exf5 Bxf5 14. Qf3 Be6 15.
Bd3 Rc8 16. Nc2 Bxd5 17. Qxd5 Qd7 18. a4 Qe6 19. Qxe6 fxe6 20. axb5 axb5 21.
Bxb5 Kf7 22. Ra6 Nd4 23. Na3 Rhg8 24. O-O Nxb5 25. Nxb5 Rb8 26. Nxd6+ Bxd6 27.
Rxd6 Rxb2 28. g3 Rc2 29. Re1 Rxc3 30. Rxe5 Re8 31. Rd7+ Kg6 32. h4 h5 33. Rg5+
Kh6 34. Rdg7 e5 35. R5g6# 1-0

[Event "World Rapid Team 2023"]
[Site "Dusseldorf GER"]
[Date "2023.08.26"]
[Round "1.18"]
[Board "4"]
[White "Czaeczine, Paula"]
[Black "Jagodzinsky, Andreas"]
[Result "0-1"]
[WhiteElo "1588"]
[BlackElo "2176"]
[WhiteTeam "Deutsche Schachjugend 2"]
[BlackTeam "Schachverein Hemer"]
[WhiteFideId "16249305"]
[BlackFideId "4636961"]
[EventDate "2023.08.26"]

1. e4 c6 2. d4 d5 3. exd5 cxd5 4. c4 Nf6 5. Nc3 Nc6 6. Be3 g6 7. Nf3 Bg7 8. h3
O-O 9. Be2 a6 10. O-O dxc4 11. Bxc4 b5 12. Bb3 Bb7 13. Qe2 Na5 14. Bc2 Rc8 15.
Rac1 Nc4 16. Nd1 Qd6 17. Nd2 Qd5 18. f3 Nxe3 19. Qxe3 Ng4 20. Qe2 Qxd4+ 21. Kh1
Ne5 22. Nb3 Qb6 23. Be4 Rxc1 24. Nxc1 Nc4 25. Bxb7 Qxb7 26. b3 Nd6 27. Re1 Nf5
28. Qd3 e6 29. Ne3 Nxe3 30. Qxe3 Rd8 31. Ne2 Qd5 32. Nc3 Bxc3 33. Qxc3 Qd2 34.
Qxd2 Rxd2 35. a4 bxa4 36. bxa4 Rd4 37. Ra1 Kf8 38. Kg1 Ke7 39. Kf2 Kd6 40. Ke3
e5 41. a5 Rd5 42. f4 f5 43. fxe5+ Kxe5 44. Ra4 g5 45. g3 Rb5 46. h4 h6 47. hxg5
hxg5 48. Kf3 Rb2 49. Ke3 Kd5 50. Kf3 Kc5 51. Ra1 Kb5 52. g4 Rb3+ 53. Kf2 fxg4
54. Rg1 g3+ 55. Kg2 Kxa5 56. Re1 Ka4 57. Re5 a5 58. Rxg5 Kb4 59. Rg4+ Ka3 60.
Kf1 a4 61. Ke2 g2 62. Kf2 Rb2+ 63. Kf3 Kb3 64. Rg8 a3 0-1

[Event "World Rapid Team 2023"]
[Site "Dusseldorf GER"]
[Date "2023.08.26"]
[Round "1.18"]
[Board "5"]
[White "Besou, Hussain"]
[Black "Bohatyrova, Mariia"]
[Result "1-0"]
[WhiteTitle "FM"]
[WhiteElo "2364"]
[BlackElo "1398"]
[WhiteTeam "Schachverein Hemer"]
[BlackTeam "Deutsche Schachjugend 2"]
[WhiteFideId "16269950"]
[BlackFideId "34165789"]
[EventDate "2023.08.26"]

1. e4 e5 2. Nf3 Nc6 3. Bb5 a6 4. Ba4 Nf6 5. O-O Be7 6. Re1 b5 7. Bb3 d6 8. c3
O-O 9. h3 Na5 10. Bc2 c5 11. d4 Qc7 12. d5 Re8 13. b3 c4 14. b4 Nb7 15. a4 Bd7
16. a5 g6 17. Nbd2 Nh5 18. Nf1 Bf6 19. Be3 Qc8 20. Ng3 Nf4 21. Qd2 Qb8 22. Bxf4
exf4 23. Ne2 g5 24. Ned4 Qc8 25. h4 h6 26. hxg5 hxg5 27. g3 fxg3 28. Nxg5 gxf2+
29. Kxf2 Re5 30. Rg1 Bxg5 31. Rxg5+ Rxg5 32. Qxg5+ Kf8 33. Rh1 1-0

[Event "World Rapid Team 2023"]
[Site "Dusseldorf GER"]
[Date "2023.08.26"]
[Round "2.1"]
[Board "3"]
[White "Vidit, Santosh Gujrathi"]
[Black "Saric, Ivan"]
[Result "1-0"]
[WhiteTitle "GM"]
[BlackTitle "GM"]
[WhiteElo "2723"]
[BlackElo "2657"]
[WhiteTeam "Freedom"]
[BlackTeam "Chessbrah OFM"]
[WhiteFideId "5029465"]
[BlackFideId "14508150"]
[EventDate "2023.08.26"]

1. e4 c5 2. Nf3 d6 3. Bb5+ Bd7 4. Bxd7+ Qxd7 5. c4 e5 6. Nc3 Nc6 7. d3 Be7 8.
O-O Bd8 9. Kh1 Nge7 10. Nh4 Nd4 11. f4 Nec6 12. Nf3 g6 13. Nd5 Nxf3 14. Qxf3 h5
15. Be3 Rc8 16. Rad1 Qg4 17. Qf2 Bh4 18. Qd2 Ne7 19. fxe5 Nxd5 20. cxd5 dxe5 21.
Qc3 f6 22. Qa5 O-O 23. Qxa7 Rf7 24. Rf3 f5 25. h3 1-0

[Event "World Rapid Team 2023"]
[Site "Dusseldorf GER"]
[Date "2023.08.26"]
[Round "2.1"]
[Board "4"]
[White "Tari, Aryan"]
[Black "Rapport, Richard"]
[Result "1/2-1/2"]
[WhiteTitle "GM"]
[BlackTitle "GM"]
[WhiteElo "2629"]
[BlackElo "2752"]
[WhiteTeam "Chessbrah OFM"]
[BlackTeam "Freedom"]
[WhiteFideId "1510045"]
[BlackFideId "738590"]
[EventDate "2023.08.26"]

1. e4 e6 2. d4 d5 3. Nc3 Bb4 4. Ne2 Nc6 5. a3 Ba5 6. b4 Bb6 7. Bb2 Nge7 8. Na4
O-O 9. e5 f6 10. Nxb6 axb6 11. g3 fxe5 12. dxe5 d4 13. Bg2 Nxe5 14. Qxd4 Qxd4
15. Bxd4 Nc4 16. O-O e5 17. Be3 Bg4 18. Nc3 Bf3 19. a4 Bxg2 20. Kxg2 Nf5 21.
Rae1 Rad8 22. Bg5 Rd7 23. Re4 Nfd6 24. Re2 h6 25. Bc1 Nf5 26. Re4 Rd4 27. Rfe1
c6 28. R4e2 g5 29. Ne4 Ra8 30. Nd2 Nxd2 31. Rxd2 Rxd2 32. Bxd2 Re8 33. Be3 Nxe3+
34. Rxe3 Kf7 35. Kf3 Kf6 36. Ke4 Ra8 37. Rf3+ Ke6 38. Rf5 Rxa4 39. Rxe5+ Kf6 40.
Rf5+ Kg6 41. c3 c5 42. Rd5 cxb4 43. Rd4 Ra2 1/2-1/2

[Event "World Rapid Team 2023"]
[Site "Dusseldorf GER"]
[Date "2023.08.26"]
[Round "2.1"]
[Board "5"]
[White "Shuvalova, Polina"]
[Black "Khademalsharieh, Sarasadat"]
[Result "0-1"]
[WhiteTitle "IM"]
[BlackTitle "IM"]
[WhiteElo "2496"]
[BlackElo "2488"]
[WhiteTeam "Freedom"]
[BlackTeam "Chessbrah OFM"]
[WhiteFideId "24171760"]
[BlackFideId "12512214"]
[EventDate "2023.08.26"]

1. e4 e5 2. Nc3 Nf6 3. Bc4 c6 4. d4 exd4 5. Qxd4 d6 6. a4 Be7 7. Nge2 O-O 8. O-O
Nbd7 9. Bf4 Qb6 10. Rfd1 d5 11. exd5 Bc5 12. a5 Qb4 13. Qd3 Ng4 14. Ne4 Nde5 15.
Bxe5 Nxe5 16. Qc3 Nxc4 17. Nxc5 Qxc5 18. b3 cxd5 19. bxc4 dxc4 20. Qd4 Qxd4 21.
Nxd4 Bd7 22. c3 b5 23. f3 Rab8 24. Nc2 Be6 25. Rd6 Rfc8 26. Rad1 Kf8 27. Nb4 g5
28. Kf2 Kg7 29. R1d4 Rb7 30. h4 h6 31. h5 Rc5 32. g4 Rcc7 33. Ke3 Re7 34. Nc6
Re8 35. Rd8 Rxd8 36. Rxd8 Rc7 37. Rd6 Bc8 38. Nd4 a6 39. Rb6 Rc5 40. Ke4 Rc7 41.
Ke3 Re7+ 42. Kd2 Rc7 43. Kc2 Rc5 44. Kb2 Re5 45. Rc6 Re8 46. Ka3 Rd8 47. Kb4 Re8
48. Kc5 Rd8 49. Rc7 Kf6 50. Rc6+ Kg7 51. Kb4 Re8 52. Rb6 Rd8 53. Rb8 Kf6 54. Kc5
Re8 55. Nc6 Ke6 56. Nd4+ Ke5 57. Nc6+ Kf4 58. Nd4 Ke3 59. Rb6 Kd2 60. Kb4 Re1
61. Rxh6 Rb1+ 62. Kc5 Kxc3 63. Rd6 Re1 64. Nc6 Bb7 65. h6 Bxc6 66. Rxc6 b4 67.
h7 Rh1 68. Kd5 b3 69. Rxc4+ Kd2 70. Rb4 Kc2 71. Rc4+ Kb1 72. Rc6 Ka2 73. Rxa6 b2
74. Rb6 Rxh7 75. Ke5 b1=Q 76. Rxb1 Kxb1 77. Kf6 Kc2 78. Kxg5 Kd3 79. Kf5 Rh6 80.
g5 Ra6 81. f4 Kd4 82. Kg4 Rxa5 0-1

[Event "World Rapid Team 2023"]
[Site "Dusseldorf GER"]
[Date "2023.08.26"]
[Round "2.2"]
[Board "2"]
[White "Berelowitsch, Alexander"]
[Black "Nihal, Sarin"]
[Result "0-1"]
[WhiteTitle "GM"]
[BlackTitle "GM"]
[WhiteElo "2492"]
[BlackElo "2684"]
[WhiteTeam "Duesseldorfer Schachklub 1914/25 e.V."]
[BlackTeam "Team MGD1"]
[WhiteFideId "14101440"]
[BlackFideId "25092340"]
[EventDate "2023.08.26"]

1. e4 c5 2. Nf3 d6 3. d4 cxd4 4. Nxd4 Nf6 5. Nc3 a6 6. g3 e5 7. Nb3 Be7 8. Bg2
O-O 9. O-O Be6 10. a4 Nbd7 11. a5 Qc7 12. Re1 Rfc8 13. Nd2 b5 14. axb6 Nxb6 15.
Nf1 h6 16. Ne3 Qb7 17. Nf5 Bf8 18. Qf3 Ne8 19. h4 a5 20. Kh2 a4 21. g4 Nc4 22.
Nxa4 Qb4 23. Rd1 Rxa4 24. Rxa4 Qxa4 25. b3 Qa2 26. bxc4 Qxc4 27. Ne3 Qa4 28. g5
hxg5 29. hxg5 g6 30. Bh3 Be7 31. Bxe6 fxe6 32. Ng4 Bf8 33. Rg1 Qd7 34. Nh6+ Bxh6
35. gxh6 Kh7 36. c3 Rc7 37. Rg3 Qf7 38. Bg5 d5 39. Qe3 dxe4 40. Qxe4 Qxf2+ 41.
Rg2 Qf5 42. Qe3 Nd6 43. Rf2 Qe4 44. Qb6 Rf7 0-1

[Event "World Rapid Team 2023"]
[Site "Dusseldorf GER"]
[Date "2023.08.26"]
[Round "2.2"]
[Board "4"]
[White "Meins, Gerlef"]
[Black "Sadhwani, Raunak"]
[Result "0-1"]
[WhiteTitle "IM"]
[BlackTitle "GM"]
[WhiteElo "2412"]
[BlackElo "2624"]
[WhiteTeam "Duesseldorfer Schachklub 1914/25 e.V."]
[BlackTeam "Team MGD1"]
[WhiteFideId "4620895"]
[BlackFideId "35093487"]
[EventDate "2023.08.26"]

1. d4 Nf6 2. c4 e6 3. Nf3 b6 4. g3 Bb7 5. Bg2 Be7 6. O-O O-O 7. Nc3 Ne4 8. Bd2
Nxd2 9. Qxd2 d6 10. d5 e5 11. e4 Nd7 12. b4 g6 13. h4 a5 14. a3 Nf6 15. Bh3 Kg7
16. Qe2 h5 17. Nd2 Ng4 18. Bxg4 hxg4 19. Qxg4 Bc8 20. Qe2 Bh3 21. Rfe1 Rh8 22.
Nf1 Qd7 23. Ne3 f5 24. exf5 gxf5 25. f4 Bf6 26. Qh2 exf4 27. Qxh3 fxe3 28. Rac1
axb4 29. axb4 Rhg8 30. Nb5 Rae8 31. Re2 Kh6 32. Rf1 Rg4 33. Rf3 Be5 34. Rexe3
Reg8 35. Kf2 c6 36. dxc6 Qxc6 37. Rxf5 Qxc4 38. Rexe5 dxe5 39. Nd6 Qd4+ 0-1

[Event "World Rapid Team 2023"]
[Site "Dusseldorf GER"]
[Date "2023.08.26"]
[Round "2.2"]
[Board "5"]
[White "Mammadzada, Gunay"]
[Black "Zatonskih, Anna"]
[Result "1/2-1/2"]
[WhiteTitle "IM"]
[BlackTitle "IM"]
[WhiteElo "2448"]
[BlackElo "2364"]
[WhiteTeam "Team MGD1"]
[BlackTeam "Duesseldorfer Schachklub 1914/25 e.V."]
[WhiteFideId "13403729"]
[BlackFideId "14101572"]
[EventDate "2023.08.26"]

1. d4 d5 2. c4 e6 3. g3 Nf6 4. Bg2 Be7 5. Nf3 O-O 6. O-O dxc4 7. Qc2 a6 8. a4
Nc6 9. Qxc4 Qd5 10. Nbd2 Rd8 11. e3 Qh5 12. e4 Bd7 13. b3 b5 14. axb5 Qxb5 15.
Qxb5 axb5 16. Bb2 Nb4 17. Ne5 Be8 18. Rxa8 Rxa8 19. Ra1 Rxa1+ 20. Bxa1 c5 1/2-1/2

[Event "World Rapid Team 2023"]
[Site "Dusseldorf GER"]
[Date "2023.08.26"]
[Round "2.2"]
[Board "6"]
[White "Rudolph, Eva"]
[Black "Peter Anand, A"]
[Result "0-1"]
[WhiteElo "1793"]
[BlackElo "1949"]
[WhiteTeam "Duesseldorfer Schachklub 1914/25 e.V."]
[BlackTeam "Team MGD1"]
[WhiteFideId "16200594"]
[BlackFideId "25003801"]
[EventDate "2023.08.26"]

1. e4 c6 2. d4 d5 3. Nc3 dxe4 4. Nxe4 Bf5 5. Ng3 Bg6 6. h4 h6 7. Nf3 Nd7 8. h5
Bh7 9. Bd3 Bxd3 10. Qxd3 e6 11. Bd2 Ngf6 12. O-O-O Be7 13. Ne4 Nxe4 14. Qxe4 Nf6
15. Qe2 Qd5 16. c4 Qe4 17. Qxe4 Nxe4 18. Be3 O-O 19. Nd2 Nf6 20. f3 Rac8 21. Ne4
Rfd8 22. Kb1 b5 23. b3 a5 24. g4 a4 25. Kc2 Ra8 26. Ra1 Ra6 27. cxb5 cxb5 28.
Nc5 Rc6 29. Rhd1 Nd5 30. Bf2 Bf6 31. Rac1 Bg5 32. Rb1 Be3 33. Bh4 Rdc8 34. b4 e5
35. dxe5 Bxc5 36. Rxd5 Be7+ 0-1

[Event "World Rapid Team 2023"]
[Site "Dusseldorf GER"]
[Date "2023.08.26"]
[Round "2.3"]
[Board "1"]
[White "Lubbe, Nikolas"]
[Black "Vachier-Lagrave, Maxime"]
[Result "0-1"]
[WhiteTitle "IM"]
[BlackTitle "GM"]
[WhiteElo "2501"]
[BlackElo "2739"]
[WhiteTeam "Team Chessemy.com"]
[BlackTeam "ASV AlphaEchecs Linz"]
[WhiteFideId "4694031"]
[BlackFideId "623539"]
[EventDate "2023.08.26"]

1. d4 Nf6 2. Nf3 g6 3. c4 Bg7 4. e3 O-O 5. Be2 b6 6. O-O Bb7 7. b4 c5 8. bxc5
bxc5 9. Nc3 Ne4 10. Bb2 d6 11. Qb3 Qb6 12. Qc2 Nxc3 13. Bxc3 cxd4 14. Rab1 dxc3
15. Rxb6 axb6 16. Nd4 Nd7 17. Rb1 Nc5 18. Bf3 Bxf3 19. gxf3 Ra3 20. Rxb6 Rfa8
21. Kg2 Bf6 22. Rb4 Kg7 23. Kg3 Rxa2 24. Qxc3 R8a3 25. Qe1 Be5+ 26. Kg2 Nd3 27.
Qb1 Rxf2+ 28. Kg1 Bxh2+ 29. Kh1 Nxb4 0-1

[Event "World Rapid Team 2023"]
[Site "Dusseldorf GER"]
[Date "2023.08.26"]
[Round "2.3"]
[Board "2"]
[White "Grischuk, Alexander"]
[Black "Koellner, Ruben Gideon"]
[Result "1-0"]
[WhiteTitle "GM"]
[BlackTitle "IM"]
[WhiteElo "2736"]
[BlackElo "2478"]
[WhiteTeam "ASV AlphaEchecs Linz"]
[BlackTeam "Team Chessemy.com"]
[WhiteFideId "4126025"]
[BlackFideId "12993093"]
[EventDate "2023.08.26"]

1. d4 d5 2. Nf3 Nf6 3. Bg5 Nbd7 4. e3 g6 5. c4 c6 6. cxd5 cxd5 7. Nc3 Bg7 8. Bd3
O-O 9. O-O a6 10. Qb3 h6 11. Bf4 e6 12. Rfc1 Qe7 13. Na4 Nh5 14. Bc7 b5 15. Nb6
Nxb6 16. Bxb6 Qb7 17. Ba5 Bf6 18. Rc7 Qb8 19. Ne5 Bxe5 20. dxe5 Ra7 21. Rac1
Rxc7 22. Rxc7 Bb7 23. Qc2 Ng7 24. Bxg6 fxg6 25. Qxg6 Qxc7 26. Bxc7 Rc8 27. Qf6
Ne8 28. Qxe6+ Kg7 29. Qd7+ Kg8 30. f4 Nxc7 31. f5 a5 32. f6 1-0